|
|
|
|
| LEADER |
00682nab a2200193 i 4500 |
| 001 |
acta33205 |
| 005 |
20231009103219.0 |
| 008 |
161017s1934 hu o 0|| hun d |
| 040 |
|
|
|a SZTE Egyetemi Kiadványok Repozitórium
|b hun
|
| 041 |
|
|
|a hun
|
| 100 |
1 |
|
|a Kendoff Károly
|
| 245 |
1 |
0 |
|a Tájékozódás a szabadban
|h [elektronikus dokumentum] :
|b I. osztály /
|c Kendoff Károly
|
| 260 |
|
|
|c 1934
|
| 300 |
|
|
|a 33-38a
|
| 490 |
0 |
|
|a A cselekvés iskolája
|v 1-2
|
| 650 |
|
4 |
|a Társadalomtudományok
|
| 650 |
|
4 |
|a Oktatástudomány
|
| 695 |
|
|
|a Természetismeret, Földrajz tanítása módszer
|
| 856 |
4 |
0 |
|u http://acta.bibl.u-szeged.hu/33205/1/cselekves_001_002_033-038a.pdf
|z Dokumentum-elérés
|